States of the Midwest on a Map - Statistics

General Stats
  • This quiz has been taken 230 times
  • The average score is 11 of 12
Answers on the Map
Answers color-coded by a green-red scale on the quiz's map according to % correct below.
 
Answer Stats
Answer % Correct
Kansas
97%
Michigan
97%
Ohio
97%
Iowa
96%
Minnesota
96%
Nebraska
96%
North Dakota
96%
Illinois
95%
Indiana
95%
South Dakota
95%
Missouri
94%
Wisconsin
94%
No matching quizzes found
Score Distribution
Percent of People with Each Score
Percentile by Number Answered
Your Score History
You have not taken this quiz